El zurcidor del tiempo (Registro nro. 932)
[ vista simple ]
| 000 -CABECERA | |
|---|---|
| Longitud fija campo de control | 00925nam a2200277Ia 4500 |
| 005 - • FECHA Y HORA DE LA ÚLTIMA TRANSACCIÓN | |
| Fecha y hora de la última transacción | 20220316235428.0 |
| 008 - • CÓDIGOS DE INFORMACIÓN DE LONGITUD FIJA | |
| Códigos de información de longitud fija | 121119s1996 mx a gr 000 0 spa |
| 020 ## - • NÚMERO INTERNACIONAL NORMALIZADO PARA LIBROS | |
| Número Internacional Normalizado para Libros (ISBN) | 9681648633 |
| 041 0# - • CÓDIGO DE LENGUA | |
| Código de lengua del texto/banda sonora o título independiente | spa |
| 040 ## - FUENTE DE LA CATALOGACIÓN | |
| Centro catalogador de origen | CO-BoRNBP |
| Lengua de catalogación | spa |
| Normas de descripción | rda |
| Centro transcriptor | CO-BoRNBP |
| 084 ## - • Clasificación Local Alfanúmerica PNLB | |
| Número de clasificación | N MOL3 |
| 100 1# - • PUNTO DE ACCESO PRINCIPAL-NOMBRE DE PERSONA | |
| Nombre de persona | Molina, Alicia |
| Fechas asociadas al nombre | 1945- |
| 245 13 - • TITULO PROPIAMENTE DICHO | |
| Título | El zurcidor del tiempo |
| Mención de responsabilidad, etc. | Alicia Molina ; ilustraciones de Enrique Martínez |
| 250 ## - • MENCIÓN DE EDICIÓN | |
| Mención de edición | Primera edición |
| 264 ## - PRODUCCIÓN, PUBLICACIÓN , DISTRIBUCIÓN, FABRICACIÓN Y COPYRIGHT | |
| Lugar de producción, publicación, distribución, fabricación | México |
| Nombre del productor, editor, distribuidor, fabricante | Fondo de Cultura Económica |
| Fecha de de producción, publicación, distribución, fabricación o copyright | 1996 |
| 300 ## - • DESCRIPCIÓN FÍSICA | |
| Extensión | 60 páginas |
| Otras características físicas | ilustraciones |
| Dimensiones | 19 cm |
| 336 ## - TIPO DE CONTENIDO | |
| Término de tipo de contenido | texto |
| Código de tipo de contenido | txt |
| Fuente | rdacontent |
| 337 ## - TIPO DE MEDIO | |
| Nombre del tipo de medio | sin mediación |
| Código del tipo de medio | n |
| Fuente | rdamedia |
| 338 ## - TIPO DE SOPORTE | |
| Nombre del tipo de soporte | volumen |
| Código del tipo de soporte | nc |
| Fuente | rdacarrier |
| 490 0# - • MENCIÓN DE SERIE | |
| Mención de serie | A la orilla del viento : para los que leen bien |
| 650 14 - • PUNTO DE ACCESO ADICIONAL DE MATERIA - TÉRMINO DE MATERIA | |
| Término de materia o nombre geográfico como elemento inicial | Autores mexicanos |
| Fuente del encabezamiento o término | LEMB |
| 650 14 - • PUNTO DE ACCESO ADICIONAL DE MATERIA - TÉRMINO DE MATERIA | |
| Término de materia o nombre geográfico como elemento inicial | Literatura infantill |
| Fuente del encabezamiento o término | LEMB |
| 650 14 - • PUNTO DE ACCESO ADICIONAL DE MATERIA - TÉRMINO DE MATERIA | |
| Término de materia o nombre geográfico como elemento inicial | Literatura mexicana |
| Subdivisión cronológica | Siglo XX |
| Fuente del encabezamiento o término | LEMB |
| 700 1# - • PUNTO DE ACCESO ADICIONAL - NOMBRE DE PERSONA | |
| Nombre de persona | Martínez, Enrique |
| Término indicativo de función | ilustrador |
| 942 ## - ENTRADA DE ELEMENTOS AGREGADOS (KOHA) | |
| Fuente de clasificaión o esquema | |
| Koha [por defecto] tipo de item | Libro Literatura |
| Perdido | Fuente de clasificación o esquema | Estado Físico | No para préstamo | Forma de adquisición | Localización permanente | Localización actual | Localización en estanterías | Fecha adquisición | Préstamos totales | Signatura completa | Código de barras | Fecha última consulta | Número de copia | Fecha del precio de reemplazo | Tipo de item de Koha |
|---|---|---|---|---|---|---|---|---|---|---|---|---|---|---|---|
| Dewey Decimal Classification | Infantil | Biblioteca Pública Dorado | Biblioteca Pública Dorado | Sala Infantil | 02/27/2023 | NMOL3 | DOR02245 | 02/27/2023 | Ej.1 | 02/27/2023 | Libro Literatura | ||||
| Dewey Decimal Classification | Infantil | Biblioteca Pública Puerto Lleras | Biblioteca Pública Puerto Lleras | Sala Infantil | 10/13/2023 | N MOL3 | PLL00213 | 10/13/2023 | Ej.1 | 10/13/2023 | Libro Infantil | ||||
| Dewey Decimal Classification | Infantil | Biblioteca Pública San Carlos de Guaroa - Eduardo Carranza | Biblioteca Pública San Carlos de Guaroa - Eduardo Carranza | Sala Infantil | 06/27/2023 | N MOL3 | SG00611 | 06/27/2023 | Ej.1 | 06/27/2023 | Libro Literatura | ||||
| Dewey Decimal Classification | Infantil | Biblioteca Pública Guamal | Biblioteca Pública Guamal | Sala Infantil | 02/23/2023 | N MOL3 | GUA001736 | 02/23/2023 | Ej.1 | 02/23/2023 | Libro Infantil | ||||
| Dewey Decimal Classification | Infantil | Biblioteca Pública La Macarena | Biblioteca Pública La Macarena | Sala Infantil | 11/22/2024 | N MOL3 | LM001808 | 11/22/2024 | Ej.1 | 11/22/2024 | Libro Literatura | ||||
| Dewey Decimal Classification | Infantil | Biblioteca Pública Mapiripan | Biblioteca Pública Mapiripan | Sala Infantil | 01/24/2024 | N MOL3 | MAP00003300 | 01/24/2024 | Ej.1 | 01/24/2024 | Libro Literatura | ||||
| Dewey Decimal Classification | Infantil | Biblioteca Pública Uribe - Reinerio Arenas | Biblioteca Pública Uribe - Reinerio Arenas | Sala Infantil | 07/11/2025 | N MOL3 | URI02856 | 07/11/2025 | Ej.1 | 07/11/2025 | Libro Infantil |